=LDR 00000nam 2200000 4500 =001 INLIS000000000042265 =005 20131008015042 =008 ***********************************ind** =035 ##$$0010-101300000000187 =041 ##$$a ind =082 ##$$a 793.359 85 =090 ##$$a 793.359 85, jas t =100 ##$$a Jayus, nyoman =245 ##$$a Teori tari, Nyoman Djayus =260 ##$$a 1971 $b Dempasar =300 ##$$a 68 hlm., ilus, 21 cm =650 ##$$a Seni tari =850 ##$$a NBPNMAT